Best career WAR in Baseball - Statistics

General Stats
  • This quiz has been taken 172 times
  • The average score is 6 of 10
Answer Stats
Career WAR Answer % Correct
162.1 Babe Ruth
98%
162.8 Barry Bonds
93%
143.0 Hank Aaron
77%
156.4 Willie Mays
75%
151.0 Ty Cobb
60%
128.2 Stan Musial
43%
130.9 Honus Wagner
34%
127.0 Rogers Hornsby
34%
134.1 Tris Speaker
31%
124.0 Eddie Collins
12%
No matching quizzes found
Score Distribution
Percent of People with Each Score
Percentile by Number Answered
Your Score History
You have not taken this quiz